ការផលិតផ្អកមាំុ (Record no. 3564)
[ view plain ]
| 000 -LEADER | |
|---|---|
| fixed length control field | 00438nam a22001577a 4500 |
| 003 - CONTROL NUMBER IDENTIFIER | |
| control field | OSt |
| 005 - DATE AND TIME OF LATEST TRANSACTION | |
| control field | 20151118091456.0 |
| 008 - FIXED-LENGTH DATA ELEMENTS--GENERAL INFORMATION | |
| fixed length control field | 151118b xxu||||| |||| 00| 0 eng d |
| 040 ## - CATALOGING SOURCE | |
| Transcribing agency | RUA |
| 082 ## - DEWEY DECIMAL CLASSIFICATION NUMBER | |
| Classification number | FIS ស្រេង 1993 B152 Or.1 |
| 100 ## - MAIN ENTRY--PERSONAL NAME | |
| 9 (RLIN) | 3832 |
| Personal name | ស្រេងផុននី |
| 245 ## - TITLE STATEMENT | |
| Title | ការផលិតផ្អកមាំុ |
| 260 ## - PUBLICATION, DISTRIBUTION, ETC. (IMPRINT) | |
| Place of publication, distribution, etc. | Phnom Penh |
| Name of publisher, distributor, etc. | RUA |
| Date of publication, distribution, etc. | 1993 |
| 300 ## - PHYSICAL DESCRIPTION | |
| Other physical details | ill. |
| Dimensions | 29cm. |
| 942 ## - ADDED ENTRY ELEMENTS (KOHA) | |
| Source of classification or shelving scheme | |
| Koha item type | FIS |
| Price effective from | Date last seen | Permanent Location | Not for loan | Date acquired | Source of classification or shelving scheme | Koha item type | Lost status | Withdrawn status | Date last checked out | Total Checkouts | Shelving location | Damaged status | Barcode | Current Location | Full call number |
|---|---|---|---|---|---|---|---|---|---|---|---|---|---|---|---|
| 2015-11-18 | 2015-11-18 | Library Block B | 2015-11-18 | FIS | B152 | RUA020735 | Library Block B | FIS ស្រេង 1993 B152 Or.1 | |||||||
| 2015-11-18 | 2015-11-18 | Library Block B | 2015-11-18 | FIS | B152 | RUA020580 | Library Block B | FIS ស្រេង 1993 B152 Or.2 | |||||||
| 2015-11-18 | 2015-11-18 | Library Block B | 2015-11-18 | FIS | B152 | RUA020652 | Library Block B | FIS ស្រេង 1993 B152 Or.3 | |||||||
| 2015-11-18 | 2015-11-18 | Library Block B | 2015-11-18 | FIS | B152 | RUA020509 | Library Block B | FIS ស្រេង 1993 B152 Or.4 | |||||||
| 2015-11-18 | 2020-08-24 | Library Block B | 2015-11-18 | FIS | 2020-08-04 | 4 | B152 | RUA020653 | Library Block B | FIS ស្រេង 1993 B152 Or.5 | |||||
| 2015-11-18 | 2015-11-18 | Library Block B | 2015-11-18 | FIS | B152 | RUA020724 | Library Block B | FIS ស្រេង 1993 B152 Or.6 | |||||||
| 2015-11-18 | 2015-11-18 | Library Block B | 2015-11-18 | FIS | B152 | RUA020513 | Library Block B | FIS ស្រេង 1993 B152 Or.7 | |||||||
| 2015-11-18 | 2020-06-26 | Library Block B | 2015-11-18 | FIS | 2020-06-05 | 1 | B152 | RUA020734 | Library Block B | FIS ស្រេង 1993 B152 Or.8 | |||||
| 2015-11-18 | 2015-11-18 | Library Block B | 2015-11-18 | FIS | B152 | RUA020441 | Library Block B | FIS ស្រេង 1993 B152 Or.9 | |||||||
| 2016-02-03 | 2016-02-03 | Library Block B | 2016-02-03 | FIS | RUA050810 | Library Block B | FIS ស្រេង 1993 B152 Or.1០ |